000 00613nam a22001577a 4500
003 OSt
005 20150906075639.0
008 150906b xxu||||| |||| 00| 0 eng d
040 _cRUA
082 _aAGR ជា​ 1989 B001 Or.1
100 _965
_aជា វុទ្ធី
245 _aឥទ្ធិពលនៃលក្ខណៈក្សេត្រគីមី ដី​ ជីនិងចំនួនគុម្ពទៅលើទិន្នផលនិងគុណភាពរបស់ដំណាំស្រូវ​
260 _aPhnom Penh
_bRUA
_c1989
300 _a128p.
_bill.
_c29cm.
942 _2ddc
_cAGR
999 _c62
_d62